| 000 | 00489cam a2200181 4500 | ||
|---|---|---|---|
| 020 | _a019828182X | ||
| 020 | _a0198281935 (pbk.) | ||
| 040 | _cDLC | ||
| 082 | 0 | 0 | _a330 CLA 1973 A069 Or. |
| 100 | 1 | _aSen, Amartya, | |
| 245 | 1 | 0 | _aOn economic inequality |
| 260 |
_aOxford, _bClarendon Press, _c1973. |
||
| 300 |
_a118 p. _billus. _c21 cm. |
||
| 650 | 0 | _aWelfare economics. | |
| 650 | 0 | _aEquality. | |
| 856 | 4 | 2 | _uhttp://www.loc.gov/catdir/enhancements/fy0602/74154734-d.html |
| 942 | _cEK | ||
| 999 |
_c14662 _d14662 |
||